Nord-/Südamerika-Sudden Death - Statistiken

Allgemein
  • Dieses Quiz wurde 586 mal gespielt
    583 seit der letzten Aktualisierung
  • Das Durchschnittsergebnis liegt bei 14 aus 20
Answers on the Grid
Answers color-coded by a green-red scale on the quiz's grid according to % correct below.
New York
Buenos Aires
Brasilia
Santiago
Lima
Sao Paulo
Ottawa
Mexiko Stadt
Havanna
Rio de Janeiro
Asuncion
Sucre
Quito
Bogota
Nassau
Santa Cruz
Kingston
George Town
Bridgetown
Belem
a Dios
Caracas
Trujillo
San Salvador
Valencia
Panama Stadt
Montevideo
Medella
Cordoba
Port-au-Prince
 
Antwortstatistiken
Antwort % Korrekt
Brasilia
94%
Buenos Aires
94%
Mexiko Stadt
89%
Lima
87%
Havanna
82%
Panama Stadt
80%
Bogota
77%
Ottawa
77%
Santiago
75%
Montevideo
74%
Kingston
70%
San Salvador
69%
Port-au-Prince
68%
Quito
68%
Caracas
65%
Asuncion
60%
Nassau
59%
George Town
57%
Sucre
55%
Bridgetown
48%
Keine übereinstimmenden Quizze gefunden
Verteilung der Resultate
Anzahl Personen mit jedem Resultat
Perzentil nach korrekt beantworteten Fragen
Ihre Resultats-Entwicklung
Sie haben dieses Quiz seit der letzten Aktualisierung nicht gespielt